Los niños y la televisión
Uloženo v:
| Korporativní autor: | |
|---|---|
| Médium: | Kniha |
| Jazyk: | angličtina francouzština |
| Vydáno: |
Nueva York
Año Internacional del Niño
1979
|
| Témata: | |
| Tagy: |
Přidat tag
Žádné tagy, Buďte první, kdo vytvoří štítek k tomuto záznamu!
|
MARC
| LEADER | 00000nam a2200000 a 4500 | ||
|---|---|---|---|
| 001 | UCS4607 | ||
| 003 | CL-VaPUC | ||
| 008 | 970808e19790000US |||||||||||||||||eng|d | ||
| 041 | 0 | 7 | |a eng |2 CL-VaPUC |
| 041 | 0 | 7 | |a fre |2 CL-VaPUC |
| 082 | 0 | 4 | |a 302.23 |b AÑO |2 21 |
| 110 | 2 | |a Año Internacional del Niño |e author |9 390511 | |
| 245 | 1 | 4 | |a Los niños y la televisión |
| 300 | |a 102 p | ||
| 942 | |c BK | ||
| 945 | |d 19970808 00:00:00 |a jquezada | ||
| 260 | |a Nueva York |b Año Internacional del Niño |c 1979 | ||
| 650 | 0 | |a Medios de comunicación de masas |9 257273 | |
| 650 | 7 | |a NIÑOS EN LOS MEDIOS DE COMUNICACION |2 CL-VaPUC |9 390512 | |
| 583 | |a last modification |c 19970808 00:00:00 |k Rodrigo Vera | ||
| 999 | |c 261571 |d 261569 | ||
| 952 | |0 0 |1 0 |4 0 |6 302_230000000000000_AÑO_1979 |7 0 |8 P |9 289146 |a BIBEDU |b BIBEDU |c BIBEDU_PB |d 2019-11-19 |i 3313522 |o 302.23 AÑO 1979 |p 3313522 |r 2019-11-19 |w 2019-11-19 |y BK |k EDU | ||